Statistics for Countries with Fabergé Eggs

Click here to take the quiz!

General Stats

  • This quiz has been taken 42 times
    (40 since last reset)
  • The average score is 5 of 8

Answer Stats

Eggs Country % Correct
26Russia
100%
4United Kingdom
97%
18United States
97%
1Germany
81%
3Switzerland
62%
1Monaco
35%
1Qatar
22%
1Liechtenstein
14%

Score Distribution

Percentile by Number Answered

Percent of People with Each Score

Your Score History

You have not taken this quiz since the last reset